Statistics for Weezer - Band Quiz

Click here to take the quiz!

General Stats

  • This quiz has been taken 116 times
  • The average score is 28 of 46

Answer Stats

QuestionAnswer% Correct
Vocals, lead guitar, keyboardsRivers Cuomo
98%
Year in which the band was formed1992
96%
Album (1996)Pinkerton
95%
Album (1994)Weezer (Blue Album)
93%
Album (2008)Weezer (Red Album)
93%
Album (2001)Weezer (Green Album)
92%
Album (2019)Weezer (Black Album)
90%
Album (2019)Weezer (Teal Album)
86%
Album (2016)Weezer (White Album)
86%
Album (2005)Make Believe
84%
Album (2021)Van Weezer
84%
Top 3 Billboard Alternative Rock Tracks (U.S.)Buddy Holly
83%
Album (2002)Maladroit
81%
Album (2021)Ok Human
81%
Drums, percussion, backing vocalsPatrick Wilson
81%
Rhythm guitar, backing vocals, keyboardsBrian Bell
80%
Album (2010)Hurley
80%
Album (2017)Pacific Daydream
77%
Album (2014)Everything Will Be Alright In The End
76%
Bass, backing vocalsMatt Sharp
76%
Album (2009)Raditude
76%
First singleUndone – The Sweater Song
73%
Bass, backing vocals, keyboardsScott Shriner
69%
City in California where the band was formedLos Angeles
65%
Top 3 Billboard Alternative Rock Tracks (U.S.)Beverly Hills
60%
In 2018, Weezer and this famous rock band released covers of each others songsToto
60%
Song whose music video featured the MuppetsKeep Fishin'
59%
The music video to Buddy Holly is set in the universe of this 70s TV showHappy Days
57%
Bass, backing vocalsMikey Welsh
54%
Rhythm guitar, backing vocalsJason Cropper
48%
Top 3 Billboard Alternative Rock Tracks (U.S.)Hash Pipe
45%
The second album is named after a character from this Puccini operaMadama Butterfly
43%
Top 3 Billboard Alternative Rock Tracks (U.S.)Pork And Beans
42%
EP (2000)Christmas CD
39%
EP (2008)Christmas with Weezer
39%
EP (Australia only; 1996)The Good Life
35%
Top 3 Billboard Alternative Rock Tracks (U.S.)Africa
31%
Operating System that included an encoded version of the music video aboveWindows 95
29%
Top 3 Billboard Alternative Rock Tracks (U.S.)Perfect Situation
27%
Top 3 Billboard Alternative Rock Tracks (U.S.)(If You're Wondering If I Want You To) I Want You To
19%
EP (2002)The Lion and the Witch
17%
Top 3 Billboard Alternative Rock Tracks (U.S.)Troublemaker
17%
Top 3 Billboard Alternative Rock Tracks (U.S.)Feels Like Summer
14%
Top 3 Billboard Alternative Rock Tracks (U.S.)Hero
14%
Top 3 Billboard Alternative Rock Tracks (U.S.)The End Of The Game
10%
EP (2010)...Happy Record Store Day!
6%

Score Distribution

Percentile by Number Answered

Percent of People with Each Score

Your Score History

You have not taken this quiz